Journal of International Business Studies

Saved in:
Bibliographic Details
Format: Serial
Language:English
Published: New Orleans The Academy of International Business
Subjects:
Tags: Add Tag
No Tags, Be the first to tag this record!

MARC

LEADER 00000nas1a22000001 4500
001 s120829
005 20250701092057.9
022 |a 0047-2506 
022 |a 1478-6990 
041 0 |a eng 
044 |a US 
245 1 0 |a Journal of International Business Studies 
264 1 |a New Orleans  |b The Academy of International Business 
610 2 0 |a obchod medzinárodný